Matemática 2 /

Guardado en:
Autor Principal: Fones, María Amalia
Formato: Libro
Publicado: Buenos Aires : Kapelusz, 1999
Series:Biblioteca del Polimodal
Materias:
Etiquetas: Agregar Etiqueta
Sin Etiquetas, Sea el primero en etiquetar este registro!
LEADER 01270nam a22002775a 4500
001 CEM.cems009938
005 20080625115720.0
008 130507s1999##################000#0#####d
003 CEMS
020 |a 9501324311 
082 0 4 |a 510 
100 1 |a Fones, María Amalia 
245 1 0 |a Matemática 2 /  |c María Amalia Fones 
260 |a Buenos Aires :  |b Kapelusz,  |c 1999 
300 |a 207 p. 
490 0 |a Biblioteca del Polimodal 
500 |a Para nivel polimodal 
505 0 |a Vectores en el plano y el espacio -- Vectores y trigonometría -- Funciones y ciencia: una alianza inagotable -- Sucesiones y series -- Límite de una función -- Derivada -- Matemática para la incertidumbre -- Estadística y probabilidad 
653 |a Matemática 
653 |a Matemática-polimodal 
859 |a CEMS  |b BIB. CEMS - 11 de abril  |h 510  |i F732  |p 20269.99  |t Ej.1  |v 2ºP  |3 2ºP 
859 |a CEMS  |b BIB. CEMS - 11 de abril  |h 510  |i F732  |p 20332.99  |t Ej.2  |v 2ºP  |3 2ºP 
859 |a CEMS  |b BIB. CEMS - 11 de abril  |h 510  |i F732  |p 20333.99  |t Ej.3  |v 2ºP  |3 2ºP 
859 |a CEMS  |b BIB. CEMS - 11 de abril  |h 510  |i F732  |p 21083.01  |t Ej.4  |v 2ºP  |3 2ºP 
859 |a CEMS  |b BIB. CEMS - 11 de abril  |h 510  |i F732  |p 21084.01  |t Ej.5  |v 2ºP  |3 2ºP 
859 |a CEMS  |b BIB. CEMS - 11 de abril  |h 510  |i F732  |p 21085.01  |t Ej.6  |v 2ºP  |3 2ºP